Images of the world (Record no. 504)

MARC details
000 -LEADER
campo de control de longitud fija 00530nam a22001457a 4500
008 - DATOS DE LONGITUD FIJA--INFORMACIÓN GENERAL
campo de control de longitud fija 150327b xxu||||| |||| 00| 0 eng d
020 ## - NÚMERO INTERNACIONAL ESTÁNDAR DEL LIBRO
Número Internacional Estándar del Libro 8791067014
082 ## - NÚMERO DE LA CLASIFICACIÓN DECIMAL DEWEY
Número de clasificación 303.482
Número de ítem S 838g
100 ## - ENTRADA PRINCIPAL--NOMBRE DE PERSONA
Nombre de persona Ostergaard, Marianne (Editor)
9 (RLIN) 2357
245 ## - MENCIÓN DEL TÍTULO
Título Images of the world
Mención de responsabilidad, etc. Globalisation and cultural diversity
260 ## - PUBLICACIÓN, DISTRIBUCIÓN, ETC.
Lugar de publicación, distribución, etc. Copenhagen, Dinamarca
Nombre del editor, distribuidor, etc. Norhaven A/S
Fecha de publicación, distribución, etc. 2001
300 ## - DESCRIPCIÓN FÍSICA
Extensión 208 p.
Otras características físicas ill. (col)
Dimensiones 24 cm.
650 ## - PUNTO DE ACCESO ADICIONAL DE MATERIA--TÉRMINO DE MATERIA
Subdivisión general Globalizacion
-- Globalizacion-aspectos sociales
-- Difusión cultural
9 (RLIN) 2359
700 ## - ENTRADA AGREGADA--NOMBRE PERSONAL
Nombre de persona Marianne Ostergaard (Editor)
9 (RLIN) 2358
Holdings
Estatus retirado Estado de pérdida Fuente del sistema de clasificación o colocación Estado de daño No para préstamo Biblioteca de origen Biblioteca actual Ubicación en estantería Fecha de adquisición Total de préstamos Signatura topográfica completa Código de barras Visto por última vez Precio de reemplazo Tipo de ítem Koha
    Clasificación Decimal Dewey     Biblioteca LadoV Biblioteca LadoV   27/03/2015   303.482 S 838g 000382 27/03/2015 27/03/2015 Material 01